Statistics for Top 20 Stoke City Goalscorers in the Premier League

Click here to take the quiz!

General Stats

  • This quiz has been taken 11 times
  • The average score is 11 of 20

Answer Stats

NPlayersNationalityGoals% Correct
5Mame Biram DioufSenegalese16
90%
5Marko ArnautovicAustrian16
90%
2Peter CrouchEnglish33
90%
8Bojan KrkicSpanish14
80%
1Jonathan WaltersIrish39
80%
7Xherdan ShaqiriSwiss15
80%
3Ricardo FullerJamaican18
70%
9Kenwyne JonesTrinadad13
60%
9Robert HuthGerman13
60%
3Charlie AdamScottish18
50%
15Rory DelapIrish6
50%
12Ryan ShawcrossEnglish12
50%
15Steven N'ZonziFrench6
50%
17Mamady SidibeMalian5
40%
9Matthew EtheringtonEnglish13
40%
13Jamie BeattieEnglish11
30%
14Cameron JeromeEnglish7
20%
17Peter OdemwingieNigerian5
20%
17Tuncay SanliTurkish5
20%
17Abdoulaye FayeSenegalese5
10%

Score Distribution

Percentile by Number Answered

Percent of People with Each Score

Your Score History

You have not taken this quiz